000 00736nam a2200181Ia 4500
003 0
005 20250127095948.0
008 150126s9999 xx 000 0 und d
050 _aPHS RJ 506.D4
_b.Al326 2014
100 _aAlbano, Marie Keysey O.
245 2 _aA study on teenage depression among male and female grade 11 high school students of Southville International School and Colleges /
_cMarie Kelsey O. Albano.
260 _aLas PiƱas City, Philippines :
_bSouthville International School and Colleges,
_c2014.
300 _a24 pages :
_billustration ;
_c28 cm.
504 _aIncludes bibliographical references.
650 _aDepression in adolescence.
650 _aHigh school students
_vMental health.
942 _2lcc
_cPASS
999 _c278650
_d278650